banner-ar

الفردوس المفقود: ملحمة الشاعر الانجليزى جون ملتون / (Record no. 47534)

MARC details
000 -الفاتح
حقل البيانات ثابتة الطول 00455nam a2200145Ia 4500
008 - عناصر البيانات ثابتة الطول - معلومات عامة
حقل البيانات ثابتة الطول 140319s9999 xx 000 0 ara d
040 ## - مصدر الفهرسة
وكالة الفهرسة الأصلية GCL /
وكالة النسخ GCL
082 04 - رقم تصنيف ديوى العشرى
رقم التصنيف 821
رقم المادة م ف
100 1# - المدخل الرئيسى - إسم شخصى
الإسم الشخصى محمد عنانى
245 10 - بيان العنوان
العنوان الفردوس المفقود: ملحمة الشاعر الانجليزى جون ملتون /
بيان المسئوليه,etc محمد عنانى
700 1# - المدخل الاضافى - اسم شخصى
الإسم الشخصى ميلتون,جون
300 ## - الوصف المادى
التعداد 205 ص
490 ## - بيان السلسلة
عنوان السلسلة الابداع العالمى
رقم المجلد/ التعيين التسلسلي 0
Holdings
حالة التراجع حالة الفقد حالة تلف ليس للاعارة المكان المؤقت الموقع الحالى تاريخ الاكتساب اجمالي اﻻعارات رقم الطلب الباركود تاريخ اخر مشاهدة تاريخ تفعيل السعر نوع وعاء كوها
        مكتبة القاهرة الكبرى مكتبة القاهرة الكبرى 03/26/2014   821\م ف 114780 03/26/2014 03/26/2014 كتاب

Powered By

EGPV